书目信息 |
| 题名: |
月季文化
|
|
| 作者: | 张占基 主编 | |
| 分册: | ||
| 出版信息: | 北京 中国林业出版社 2019.04 |
|
| 页数: | 236页 | |
| 开本: | 24cm | |
| 丛书名: | ||
| 单 册: | ||
| 中图分类: | S685.12-49 | |
| 科图分类: | ||
| 主题词: | 月季--yue ji--文化--普及读物--英文 | |
| 电子资源: | ||
| ISBN: | 978-7-5219-0039-2 | |
| 000 | 00856nam0 2200229 450 | |
| 001 | 0109110209 | |
| 005 | 20201109110338.0 | |
| 010 | @a978-7-5219-0039-2@dCNY130.00 | |
| 100 | @a20190416d2019 em y0chiy0110 ea | |
| 101 | 0 | @aeng |
| 102 | @aCN@b110000 | |
| 105 | @ay z 000yy | |
| 106 | @ar | |
| 200 | 1 | @a月季文化@Ayue ji wen hua@f张占基主编 |
| 210 | @a北京@c中国林业出版社@d2019.04 | |
| 215 | @a236页@d24cm | |
| 330 | @a本书分月季文化赏析、月季诗词歌赋、月季绘画、月季摄影及书法、月季集邮及藏品、月季中园月季之乡月季城市、月季大事、南阳月季文化等几个方面对月季文化作了全面介绍。图书全彩色印刷,配有精美图片,可读可赏。是一本全面了解月季文化的普及性读物。 | |
| 606 | 0 | @a月季@Ayue ji@x文化@j普及读物@x英文 |
| 690 | @aS685.12-49@v5 | |
| 701 | 0 | @a张占基@Azhang zhan ji@4主编 |
| 801 | 0 | @aCN@bBJSZM@c20201103 |
| 905 | @b1240522-4@dS685.12-49@e631@f3 | |
| 月季文化/张占基主编.-北京:中国林业出版社,2019.04 |
| 236页;24cm |
| ISBN 978-7-5219-0039-2:CNY130.00 |
| 本书分月季文化赏析、月季诗词歌赋、月季绘画、月季摄影及书法、月季集邮及藏品、月季中园月季之乡月季城市、月季大事、南阳月季文化等几个方面对月季文化作了全面介绍。图书全彩色印刷,配有精美图片,可读可赏。是一本全面了解月季文化的普及性读物。 |
| ● |
| 相关链接 |
|
|
|
|
正题名:月季文化
索取号:S685.12-49/631
 
预约/预借
| 序号 | 登录号 | 条形码 | 馆藏地/架位号 | 状态 | 备注 |
| 1 | 1240522 | 212405226 | 第二样本阅览室/ [索取号:S685.12-49/631] | 在馆 | |
| 2 | 1240523 | 212405235 | 第三借阅区/ [索取号:S685.12-49/631] | 在馆 | |
| 3 | 1240524 | 212405244 | 第三借阅区/ [索取号:S685.12-49/631] | 在馆 |